| 000 | 00475nam a2200181Ia 4500 | ||
|---|---|---|---|
| 005 | 20240823061123.0 | ||
| 008 | 240823s9999||||xx |||||||||||||| ||und|| | ||
| 041 | _aENGLISH | ||
| 082 | _A305.211 P2 | ||
| 100 | _aMark H Johnson | ||
| 245 | 0 | _aBrain Development and Cognition A Roader | |
| 250 | _a2nd | ||
| 260 |
_c2002 _bBlack Well Scientific Publica |
||
| 500 | _aTRANSFERED | ||
| 650 |
_aGenetic Engineering _bAllied Health Science |
||
| 942 | _cBK | ||
| 999 |
_c232760 _d232760 |
||